000 00370 a2200169 4500
001 194520
020 _a978-85-8184-038-3
040 _cMagnum
100 _aQuintana, Mário
240 1 0 _aLili inventa o mundo
_lpor
245 1 0 _aLili inventa o mundo
300 _a41
362 0 _a2013
440 1 _aGaudí
697 _aLITERATURA INFANTO-JUVENIL
942 _cBK
999 _c194520
_d194520